| 000 | 00922cam a2200265 i 4500 | ||
|---|---|---|---|
| 999 |
_c57424 _d57424 |
||
| 001 | 18082805 | ||
| 005 | 20221107122715.0 | ||
| 008 | 140326s2013 moua b 001 0 eng | ||
| 010 | _a 2013372098 | ||
| 020 | _a9781437719369 (hbk) X | ||
| 041 | _aeng | ||
| 080 | _a617.3 L-96 | ||
| 100 | 1 |
_aLusardi, Michelle M. _98543 |
|
| 245 | 1 | 0 |
_aOrthotics & prosthetics in rehabilitation / _c Michelle M. Lusardi, Millee Jorge, Caroline C. Nielsen |
| 246 | 3 | _aOrthotics and prosthetics in rehabilitation | |
| 250 | _aThird edition. | ||
| 264 | 1 |
_aSt. Louis, Missouri : _bElsevier/Saunders, _c2013. |
|
| 300 |
_a851 pages : _billustrations ; _c29 cm. |
||
| 653 | _aორთოპედია | ||
| 653 | _aინპლანტები | ||
| 653 | _aმედიცინა | ||
| 700 | 1 |
_aJorge, Milagros. _eავტორი _98548 |
|
| 700 | 1 |
_aNielsen, Caroline C. _eავტორი _98549 |
|
| 942 |
_2udc _cBK |
||